01610 a2200205 45000010006000000050017000060080041000230030015000640400040000790800053001192450061001722640032002333000019002655050927002841000028012117000018012397000021012577000027012788560099013054709920260407155739.0260407a1989 arg spa dAR-UNSa-BCEJYS aAR-UNSa-BCEJYSbspacAR-UNSa-BCEJYS a336.02xPolítica financiera. Política fiscal10aDeficit fiscal, deuda externa y desequilibrio financiero 1aBuenos Aires :bTesisc1989 a175 p.c20 cm. aParte I: Restricción externa e incentivos al crecimiento en América Latina / Roberto - Frenkel - Guillermo Rozenwurcel: 1. Introducción - 2. Ajuste externo y crecimiento: el lado real - 3. Ajuste y conflicto distributivo - 4. El problema de la transferencia interna y la brecha fiscal-financiera - 5. Conclusiones -- Parte II: Acerca de la generación de recursos financieros en la Argentina / José María J. Fanelli: 1. El período de ajuste ante la crisis de la deuda - 2. La generación de recursos financieros en la economía argentina - 3. Reflexiones finales -- Parte III: Decisiones de cartera y transferencias de riqueza en un período de inestabilidad macroeconómica / Mario Damill - José M. Fanelli: 1. Precios relativos, ahorro real e incremento de la riqueza financiera - 2. Evolución de la estructura financiera de las empresas privadas en el período de ajuste - 3. Reflexiones finales. 1 aFanelli, José María1 aDamill, Mario1 aFrenkel, Roberto1 aRozenwurcel, Guillermo41uhttps://www.biblioeco.unsa.edu.ar/pmb/images/libros/L127390.jpgyImagen de portadaqimage/jpeg